British Birds by Picture - Ducks - Statistics

General Stats
  • This quiz has been taken 64 times
  • The average score is 25 of 45
Answer Stats
Picture Hint Answer % Correct
Anas platyrhynchos Mallard
97%
Bucephala clangula Common Goldeneye
94%
Aix galericulata Mandarin Duck
88%
Anas crecca Eurasian Teal
82%
Anas acuta Northern Pintail
76%
Somateria mollissima Common Eider
73%
Mergus merganser Goosander
73%
Clangula hyemalis Long-Tailed Duck
73%
Aythya fuligula Tufted Duck
73%
Aythya ferina Common Pochard
67%
Alopochen aegyptiaca Egyptian Goose
67%
Mareca penelope Eurasian Wigeon
67%
Mareca strepera Gadwall
67%
Spatula clypeata Northern Shoveler
67%
Oxyura jamaicensis Ruddy Duck
67%
Tadorna tadorna Common Shelduck
64%
Anas carolinensis Green-Winged Teal
64%
Mergellus albellus Smew
64%
Aythya marila Greater Scaup
61%
Somateria spectabilis King Eider
61%
Anas rubripes Black Duck
58%
Melanitta nigra Common Scoter
58%
Aythya americana Redhead
58%
Bucephala albeola Bufflehead
55%
Histrionicus histrionicus Harlequin Duck
55%
Mergus serrator Red-Breasted Merganser
55%
Mareca americana American Wigeon
48%
Aythya nyroca Ferruginous Duck
48%
Lophodytes cucullatus Hooded Merganser
48%
Aythya affinis Lesser Scaup
48%
Tadorna ferruginea Ruddy Shelduck
48%
Aythya collaris Ring-Necked Duck
45%
Melanitta perspicillata Surf Scoter
45%
Aythya valisineria Canvasback
42%
Melanitta fusca Velvet Scoter
42%
Melanitta americana Black Scoter
39%
Spatula querquedula Garganey
39%
Sibirionetta formosa Baikal Teal
36%
Spatula discors Blue-Winged Teal
36%
Netta rufina Red-Crested Pochard
36%
Polysticta stelleri Steller's Eider
36%
Bucephala islandica Barrow's Goldeneye
33%
Mareca falcata Falcated Duck
27%
Melanitta stejnegeri Stejneger's Scoter
27%
Melanitta deglandi White-Winged Scoter
27%
No matching quizzes found
Score Distribution
Percent of People with Each Score
Percentile by Number Answered
Your Score History
You have not taken this quiz